000 00665nam a22002537a 4500
003 UA-OsUOA
001 23415
007 ta
008 20040121b un ||||| |||| 00| 0 ukr d
100 _aБашнянин Г.І.
090 _a330.43
_bБ33
942 _cBK
040 _aUA-OsUOA
_bukr
_cUA-OsUOA
_dUA-OsUOA
245 _aПро періодичну матрицю економічних систем
300 _a115 с.
955 _a0
041 _aukr
080 _a330.43
020 _a966-7478-86-8
260 _aЛьвів
_bЛьвівська комерційна академія
_c2003
044 _aUA
650 7 _2UDC
999 _c309662
_d309662